Central Library OPAC University of Rajshahi

Alternating current polarography and tensammetry / (Record no. 69598)

MARC details
000 -LEADER
fixed length control field 00864nam a2200253 a 4500
001 - CONTROL NUMBER
control field 69598
003 - CONTROL NUMBER IDENTIFIER
rucl marc code BD-RjUL
005 - DATE AND TIME OF LATEST TRANSACTION
control field 20211209081915.0
008 - FIXED-LENGTH DATA ELEMENTS--GENERAL INFORMATION
fixed length control field 170412s1963 nyua b 001 0 eng
035 ## - SYSTEM CONTROL NUMBER
System control number (BD-RjUL)69810
040 ## - CATALOGING SOURCE
Original cataloging agency DLC/ICU
Transcribing agency ICU
Modifying agency BD-RjUL
Language of cataloging eng
041 ## - LANGUAGE CODE
Language code of text/sound track or separate title eng
082 00 - DEWEY DECIMAL CLASSIFICATION NUMBER
Classification number 543.4
Edition number 23
Author mark and year BRA 1963
100 1# - MAIN ENTRY--PERSONAL NAME
Personal name Breyer, B.
Fuller form of name (Bruno)
9 (RLIN) 206148
245 10 - TITLE STATEMENT
Title Alternating current polarography and tensammetry /
Statement of responsibility, etc. B. Breyer and H.H. Bauer.
260 ## - PUBLICATION, DISTRIBUTION, ETC. (IMPRINT)
Place of publication, distribution, etc. New York :
Name of publisher, distributor, etc. Interscience Publishers,
Date of publication, distribution, etc. 1963.
300 ## - PHYSICAL DESCRIPTION
Pagination 288 p. :
Illustrations ill. ;
Size 24 cm.
490 1# - SERIES STATEMENT
Series statement Chemical analysis, a series of monographs on analytical chemistry and its applications,
Volume/sequential designation v. 13
504 ## - BIBLIOGRAPHY, ETC. NOTE
Bibliography, etc Includes bibliography.
650 #0 - SUBJECT ADDED ENTRY--TOPICAL TERM
Topical term or geographic name as entry element Polarography.
9 (RLIN) 159541
700 1# - ADDED ENTRY--PERSONAL NAME
Personal name Bauer, Henry H.,
Relator term joint author.
830 #0 - SERIES ADDED ENTRY--UNIFORM TITLE
Uniform title Chemical analysis ;
Volume number/sequential designation v. 13.
942 ## - ADDED ENTRY ELEMENTS (KOHA)
Source of classification or shelving scheme Dewey Decimal Classification
Koha item type Books
Holdings
Lost status Source of classification or shelving scheme Damaged status Not for loan Collection code Permanent Location Current Location Shelving location Date acquired Source of acquisition Cost, normal purchase price Total Checkouts Full call number Date last seen Copy number Koha item type
  Dewey Decimal Classification   Not For Loan Non-fiction Central Library, University of Rajshahi Central Library, University of Rajshahi Reading Room 23/06/1964 Mirja book 60.00   543.4 BRA 1963 12/04/2017 C-1 Books